Problémy kolem ECU.

Európska menová jednotka (ECU) by mala byť jedinou menou používanou v menovej únii ES. Prudký vzostup úlohy ECU na medzinárodných kapitálových trhoch. Diskutabilnosť používania ECU ako platobného prostriedku. Priaznivé perspektívy používania ECU.

Salvato in:
Dettagli Bibliografici
Autore principale: Turek, Z.
Natura: Capitolo di libro
Lingua:ceco
Soggetti:
Tags: Aggiungi Tag
Nessun Tag, puoi essere il primo ad aggiungerne!!

MARC

LEADER 00000naa a2200000 4500
001 r002453
005 20221125080214.8
041 0 |a cze 
044 |a [CS] 
245 1 0 |a Problémy kolem ECU.  |c Z. Turek 
520 |a Európska menová jednotka (ECU) by mala byť jedinou menou používanou v menovej únii ES. Prudký vzostup úlohy ECU na medzinárodných kapitálových trhoch. Diskutabilnosť používania ECU ako platobného prostriedku. Priaznivé perspektívy používania ECU. 
610 2 0 |a ECU 
610 2 0 |a Európske spoločenstvá 
610 2 0 |a trh kapitálový 
610 2 0 |a prostriedky platobné 
610 2 0 |a mena 
100 1 |a Turek, Z.